[Event "CSS Freestyle 8th Final"]
[Site "playchess.com"]
[Date "2008.04.26"]
[Round "5"]
[White "Enchanter"]
[Black "Spaghetti Chess"]
[Result "1/2-1/2"]
[WhiteElo "2547"]
[BlackElo "2560"]
[PlyCount "72"]
[EventDate "2008.04.25"]

1. e4 {12} c5 {20} 2. Nf3 {22} d6 {18} 3. d4 {10} cxd4 {28} 4. Nxd4 {11} Nf6 {
16} 5. Nc3 {7} a6 {26} 6. Bg5 {26} e6 {107} 7. Qd2 {20} h6 {204} 8. Bxf6 {209}
Qxf6 {12} 9. f4 {64} Nc6 {335} 10. Nf3 {87} b5 {175} 11. O-O-O {118} Qd8 {12}
12. Kb1 {119} Be7 {221} 13. g4 {177} Bb7 {96} 14. h4 {120} Qa5 {175} 15. Bg2 {
80} Rc8 {22} 16. Rhe1 {401} b4 {353} 17. Ne2 {5} Qb6 {394} 18. g5 {140} a5 {536
} 19. f5 {283} Qf2 {20} 20. Rg1 {93} Ba6 {37} 21. Nf4 {24} Qxd2 {63} 22. Rxd2 {
4} hxg5 {37} 23. hxg5 {3} Nd8 {79} 24. g6 {36} e5 {69} 25. gxf7+ {57} Nxf7 {3}
26. Ng6 {84} Rh5 {14} 27. Bf1 {86} Bb7 {39} 28. Be2 {61} Rh7 {69} 29. Bb5+ {47}
Kd8 {3} 30. Nxe7 {192} Kxe7 {5} 31. Re2 {26} Rch8 {150} 32. Ree1 {44} Rh3 {4}
33. Nd2 {15} Kf8 {34} 34. Kc1 {105} R3h4 {86} 35. Bc4 {54} Nd8 {138} 36. Rg3 {
201} Rh1 {Spaghetti Chess offre la patta (Lag: Av=0.54s, max=1.3s) 62} 1/2-1/2

[Event "CSS Freestyle 8th Final"]
[Site "playchess.com"]
[Date "2008.04.26"]
[Round "5"]
[White "Regina H-Milch"]
[Black "Rybusia"]
[Result "1-0"]
[WhiteElo "2480"]
[BlackElo "2518"]
[PlyCount "145"]
[EventDate "2008.04.25"]

1. e4 {29} c5 {10} 2. Nf3 {22} e6 {7} 3. d4 {62} cxd4 {9} 4. Nxd4 {125} Nf6 {10
} 5. Nc3 {45} Nc6 {9} 6. Nxc6 {100} bxc6 {14} 7. e5 {67} Nd5 {6} 8. Ne4 {96}
Qa5+ {638} 9. c3 {173} Ba6 {13} 10. Bd3 {415} Nb6 {429} 11. f4 {212} Bxd3 {442}
12. Qxd3 {24} Qb5 {118} 13. Qc2 {626} a5 {384} 14. a4 {151} Qa6 {7} 15. b3 {46}
Nd5 {12} 16. c4 {114} Nb4 {79} 17. Qd2 {106} Qa7 {369} 18. Ba3 {237} Be7 {238}
19. O-O-O {127} O-O {6} 20. Kb2 {99} Rad8 {101} 21. Rhf1 {85} Qb7 {233} 22. Nd6
{114} Qa7 {410} 23. Bxb4 {125} axb4 {5} 24. c5 {41} Rb8 {26} 25. Qd4 {68} f5 {
17} 26. Qc4 {149} h5 {57} 27. h3 {79} h4 {38} 28. Rg1 {24} Bxd6 {49} 29. Rxd6 {
55} Rb7 {16} 30. Qc2 {96} Qa5 {74} 31. Rc1 {26} Rf7 {75} 32. Qf2 {35} Qd8 {11}
33. Qd2 {32} Qa8 {60} 34. Rc4 {33} Qa5 {7} 35. Rdd4 {45} Ra7 {8} 36. Qe1 {61}
Qd8 {6} 37. Rxb4 {22} Ra6 {20} 38. Rd6 {24} Ra7 {7} 39. Rb6 {29} Rf8 {9} 40.
Rd4 {46} Qe7 {14} 41. Qb4 {28} Kh7 {16} 42. Rd6 {14} Qe8 {10} 43. Ka3 {13} Qa8
{7} 44. Qe1 {24} Qd8 {6} 45. Rbxc6 {18} Qa8 {5} 46. Rb6 {26} Qxg2 {8} 47. Qxh4+
{15} Kg8 {6} 48. Qe1 {19} Qxh3 {14} 49. Qd2 {13} Qf1 {6} 50. Kb2 {21} g5 {6}
51. c6 {39} dxc6 {64} 52. Rxe6 {25} Qxf4 {20} 53. Qxf4 {16} gxf4 {3} 54. Rb4 {
15} Kf7 {42} 55. Rxc6 {14} Re7 {12} 56. Rf6+ {19} Kg7 {19} 57. Rxf8 {21} Kxf8 {
6} 58. Rxf4 {11} Rxe5 {12} 59. b4 {10} Ke7 {7} 60. b5 {21} Kd6 {10} 61. Kc3 {18
} Kc5 {10} 62. Rc4+ {16} Kb6 {4} 63. Kb4 {14} Re1 {10} 64. a5+ {16} Kb7 {8} 65.
a6+ {18} Kb8 {6} 66. Rh4 {23} Ra1 {18} 67. Rh7 {24} Ka8 {11} 68. Kc5 {13} Re1 {
8} 69. a7 {15} f4 {10} 70. Kb6 {14} Re6+ {4} 71. Ka5 {15} f3 {9} 72. b6 {11}
Re8 {3} 73. Ka6 {Rybusia resigns (Lag: Av=0.31s, max=0.8s) 9} 1-0

[Event "CSS Freestyle 8th Final"]
[Site "playchess.com"]
[Date "2008.04.26"]
[Round "5"]
[White "Luminarydebris"]
[Black "Snuggles"]
[Result "1-0"]
[WhiteElo "2478"]
[BlackElo "2520"]
[PlyCount "131"]
[EventDate "2008.04.25"]

1. e4 {3} c5 {1} 2. Nf3 {7} a6 {1} 3. Nc3 {296} e6 {49} 4. d4 {6} cxd4 {9} 5.
Nxd4 {0} Qc7 {24} 6. Bd3 {16} Bc5 {151} 7. Nb3 {107} Be7 {7} 8. Qg4 {314} g6 {3
} 9. Bg5 {465} d6 {4} 10. O-O {258} Nd7 {294} 11. Bxe7 {363} Nxe7 {23} 12. Qh4
{4} Ne5 {321} 13. Qh6 {233} Bd7 {4} 14. Be2 {9} O-O-O {7} 15. Qg5 {61} Rhe8 {
796} 16. Rad1 {375} f5 {161} 17. Rd2 {281} Kb8 {5} 18. Rfd1 {10} Bc8 {4} 19.
Nd4 {146} d5 {72} 20. exd5 {25} Nxd5 {0} 21. Nxd5 {6} exd5 {9} 22. c3 {31} Re7
{20} 23. Rc2 {256} Rde8 {50} 24. b3 {23} Bd7 {48} 25. Qd2 {11} h5 {' 698} 26.
h3 {83} Qa5 {Snuggles bietet Remis 242} 27. f4 {167} Nc6 {4} 28. Bf3 {8} Re3 {4
} 29. Rcc1 {29} Qc5 {306} 30. a4 {57} Nxd4 {178} 31. Qxd4 {0} Qxd4 {7} 32. Rxd4
{8} Rc8 {6} 33. Rxd5 {21} Be8 {10} 34. Kf2 {35} Rexc3 {2} 35. Rxc3 {9} Rxc3 {0}
36. Rd8+ {12} Rc8 {9} 37. Rxc8+ {87} Kxc8 {0} 38. Ke3 {5} b6 {171} 39. Be2 {149
} a5 {18} 40. Kd4 {16} Kc7 {147} 41. Ke5 {12} h4 {71} 42. Kf6 {10} Kd6 {22} 43.
Bf3 {22} Kd7 {145} 44. Bd1 {52} Kd6 {5} 45. Kg5 {10} Ke7 {6} 46. Kxh4 {29} Bc6
{9} 47. g4 {50} Bg2 {57} 48. gxf5 {103} gxf5 {0} 49. Kg3 {6} Bc6 {2} 50. h4 {32
} Kf6 {4} 51. Kf2 {9} Bd5 {28} 52. Ke3 {14} Bc6 {46} 53. Kd4 {14} Be4 {6} 54.
Kc4 {32} Bc6 {11} 55. h5 {6} Kg7 {31} 56. Bc2 {4} Kh6 {90} 57. Bxf5 {13} Kxh5 {
1} 58. Kd4 {11} Kh6 {17} 59. Bd3 {15} Kg7 {15} 60. Ke5 {13} Kf7 {5} 61. Bc4+ {
13} Ke7 {6} 62. f5 {11} Bf3 {8} 63. f6+ {15} Kd7 {30} 64. Bb5+ {20} Kd8 {11}
65. Kd6 {5} Bh5 {6} 66. Bc4 {Snuggles gibt auf (Lag: Av=0.35s, max=1.0s) 17}
1-0

[Event "CSS Freestyle 8th Final"]
[Site "playchess.com"]
[Date "2008.04.26"]
[Round "6"]
[White "Moro Gamgee"]
[Black "Flyingfatman"]
[Result "1/2-1/2"]
[WhiteElo "2490"]
[BlackElo "2525"]
[PlyCount "41"]
[EventDate "2008.04.25"]

1. e4 {14} e6 {49} 2. d4 {20} d5 {30} 3. Nd2 {83} Be7 {75} 4. Bd3 {50} c5 {32}
5. dxc5 {73} Nf6 {43} 6. Qe2 {39} O-O {34} 7. Ngf3 {112} a5 {17} 8. O-O {362}
Na6 {26} 9. Bxa6 {264} Rxa6 {57} 10. c4 {3} dxe4 {703} 11. Nxe4 {14} Nxe4 {6}
12. Qxe4 {3} Bxc5 {42} 13. Be3 {137} Bxe3 {14} 14. fxe3 {132} Rd6 {176} 15.
Rac1 {382} b6 {103} 16. c5 {112} bxc5 {10} 17. Rxc5 {3} Ba6 {18} 18. Rfc1 {3}
Qb6 {44} 19. b3 {8} Bb7 {26} 20. Qf4 {3} Bxf3 {124} 21. Qxf3 {
Moro Gamgee offers a draw (Lag: Av=0.52s, max=1.3s) 4} 1/2-1/2

[Event "CSS Freestyle 8th Final"]
[Site "playchess.com"]
[Date "2008.04.26"]
[Round "6"]
[White "Spaghetti Chess"]
[Black "Regina H-Milch"]
[Result "1/2-1/2"]
[WhiteElo "2559"]
[BlackElo "2499"]
[PlyCount "43"]
[EventDate "2008.04.25"]

1. e4 {34} c5 {83} 2. Nf3 {75} Nc6 {19} 3. d4 {86} cxd4 {15} 4. Nxd4 {6} Nf6 {
44} 5. Nc3 {8} e5 {27} 6. Ndb5 {36} d6 {24} 7. Bg5 {28} a6 {27} 8. Na3 {9} b5 {
69} 9. Nd5 {77} Be7 {38} 10. Bxf6 {7} Bxf6 {24} 11. c3 {18} Ne7 {134} 12. Nxf6+
{68} gxf6 {12} 13. Bd3 {21} d5 {258} 14. Qe2 {823} Qb6 {496} 15. exd5 {607}
Nxd5 {133} 16. g3 {13} h5 {204} 17. O-O-O {270} Bg4 {110} 18. f3 {13} Be6 {25}
19. Nc2 {19} O-O-O {198} 20. a4 {386} bxa4 {179} 21. Bxa6+ {13} Kc7 {171} 22.
Bb5 {Spaghetti Chess offre la patta (Lag: Av=0.27s, max=0.6s) 244} 1/2-1/2

[Event "CSS Freestyle 8th Final"]
[Site "playchess.com"]
[Date "2008.04.26"]
[Round "6"]
[White "Rybusia"]
[Black "Luminarydebris"]
[Result "1/2-1/2"]
[WhiteElo "2499"]
[BlackElo "2497"]
[PlyCount "75"]
[EventDate "2008.04.25"]

1. d4 {11} Nf6 {4} 2. c4 {10} g6 {4} 3. Nc3 {8} d5 {19} 4. cxd5 {7} Nxd5 {4} 5.
e4 {6} Nxc3 {4} 6. bxc3 {6} Bg7 {4} 7. Bg5 {10} c5 {19} 8. Rc1 {11} Qa5 {127}
9. Qd2 {20} O-O {23} 10. d5 {47} e6 {710} 11. d6 {16} f6 {20} 12. Be3 {1125}
Rd8 {559} 13. e5 {47} Nd7 {1460} 14. Nf3 {11} fxe5 {59} 15. h4 {148} Nf6 {35}
16. h5 {27} Ne4 {569} 17. Qd3 {. 469} Nxc3 {9} 18. Bd2 {7} e4 {10} 19. Qe3 {9}
exf3 {24} 20. hxg6 {27} hxg6 {12} 21. Bxc3 {40} Bxc3+ {10} 22. Rxc3 {8} c4 {17}
23. Qxf3 {1385} Qe5+ {16} 24. Be2 {7} Rxd6 {41} 25. Qh3 {6} Qg7 {45} 26. Bxc4 {
7} Bd7 {29} 27. O-O {7} Rc8 {48} 28. Qg3 {13} Rdc6 {20} 29. Rfc1 {9} b5 {51}
30. Bxe6+ {15} Bxe6 {0} 31. Rxc6 {8} Rxc6 {3} 32. Qb8+ {12} Rc8 {9} 33. Rxc8+ {
11} Bxc8 {7} 34. Qxc8+ {5} Kh7 {12} 35. Qh3+ {59} Kg8 {37} 36. Qc8+ {8} Kh7 {9}
37. Qh3+ {4} Kg8 {7} 38. Qc8+ {(Lag: Av=0.45s, max=2.1s) 3} 1/2-1/2

[Event "CSS Freestyle 8th Final"]
[Site "playchess.com"]
[Date "2008.04.26"]
[Round "6"]
[White "Ultima"]
[Black "Snuggles"]
[Result "1-0"]
[WhiteElo "2603"]
[BlackElo "2501"]
[PlyCount "135"]
[EventDate "2008.04.25"]

1. e4 {2} c5 {9} 2. Nf3 {3} Nc6 {3} 3. d4 {1} cxd4 {4} 4. Nxd4 {0} Nf6 {3} 5.
Nc3 {1} e5 {3} 6. Ndb5 {10} d6 {3} 7. Bg5 {6} a6 {2} 8. Na3 {1} b5 {0} 9. Nd5 {
10} Be7 {3} 10. Bxf6 {1} Bxf6 {2} 11. c3 {1} Bg5 {2} 12. Nc2 {4} Rb8 {1} 13. a4
{4} bxa4 {4} 14. Nce3 {3} Rxb2 {1232} 15. Qxa4 {26} Bd7 {3} 16. Bxa6 {67} Qb8 {
5} 17. Qd1 {55} Na5 {152} 18. Qc1 {21} O-O {7} 19. O-O {10} Nc6 {12} 20. Bc4 {
119} Be6 {85} 21. h4 {64} Bh6 {10} 22. Qd1 {90} Qd8 {54} 23. Qa4 {848} Ne7 {12}
24. g3 {5} Bxe3 {16} 25. Nxe3 {15} Qc7 {6} 26. Rfd1 {165} Rc8 {30} 27. Bxe6 {2}
fxe6 {3} 28. Qa6 {71} Rb6 {14} 29. Qe2 {161} Qxc3 {67} 30. Qg4 {44} d5 {12} 31.
Ra7 {474} Rc7 {5} 32. Rda1 {173} h6 {600} 33. Ra8+ {9} Kh7 {39} 34. exd5 {2}
Qd4 {24} 35. Qf3 {2} exd5 {27} 36. Qf8 {16} Nc8 {54} 37. Nf5 {7} Rf6 {11} 38.
Nxd4 {6} Rxf8 {10} 39. Ne6 {0} Rff7 {12} 40. Nxc7 {2} Rxc7 {1} 41. h5 {1} d4 {
603} 42. R8a6 {10} d3 {17} 43. Kf1 {486} Rc4 {6} 44. Ke1 {138} e4 {51} 45. g4 {
698} e3 {342} 46. fxe3 {0} Rxg4 {2} 47. R1a5 {112} Ne7 {30} 48. Kd2 {3} Rh4 {29
} 49. Kxd3 {7} Ng8 {7} 50. e4 {71} Nf6 {74} 51. e5 {18} Nxh5 {8} 52. e6 {18}
Nf4+ {9} 53. Ke3 {6} Ng6 {9} 54. Ra7 {13} Rh1 {30} 55. Ra1 {3} Rh5 {4} 56. R1a4
{44} Rh3+ {' 373} 57. Ke4 {7} Rh5 {22} 58. R4a5 {34} Rh1 {73} 59. Ra3 {12} Rh4+
{92} 60. Kd5 {7} Rh1 {12} 61. Re3 {32} Rd1+ {34} 62. Ke4 {32} h5 {95} 63. e7 {
12} Nxe7 {2} 64. Rxe7 {1} Rf1 {1} 65. Ra7 {. 138} Rg1 {41} 66. Rh3 {2} Kh6 {15}
67. Ra6+ {3} Kg5 {30} 68. Ra5+ {Snuggles gibt auf (Lag: Av=0.45s, max=5.1s) 11}
1-0

[Event "CSS Freestyle 8th Final"]
[Site "playchess.com"]
[Date "2008.04.27"]
[Round "7"]
[White "Enchanter"]
[Black "Moro Gamgee"]
[Result "1/2-1/2"]
[WhiteElo "2548"]
[BlackElo "2491"]
[PlyCount "59"]
[EventDate "2008.04.25"]

1. e4 {13} e5 {14} 2. Nf3 {34} Nf6 {15} 3. d4 {34} Nxe4 {8} 4. Bd3 {12} d5 {9}
5. Nxe5 {16} Nd7 {45} 6. Nxd7 {175} Bxd7 {7} 7. O-O {10} Bd6 {15} 8. c4 {82} c6
{25} 9. cxd5 {122} cxd5 {4} 10. Nc3 {80} Nxc3 {41} 11. bxc3 {13} O-O {2} 12.
Qh5 {29} g6 {86} 13. Qxd5 {36} Qc7 {11} 14. Bh6 {241} Rfd8 {46} 15. Qf3 {221}
Qxc3 {9} 16. Qf6 {14} Bf8 {3} 17. Bxf8 {9} Rxf8 {2} 18. Be4 {27} Bc6 {3} 19.
Rac1 {95} Qb4 {4} 20. Bxc6 {87} bxc6 {3} 21. Rxc6 {29} Rad8 {4} 22. Rd1 {247}
Qa4 {55} 23. Rcc1 {31} Qxa2 {4} 24. Ra1 {50} Qb3 {4} 25. Qc6 {282} Rd5 {202}
26. Rdb1 {159} Ra5 {4} 27. h3 {72} Rxa1 {4} 28. Rxa1 {5} Rd8 {9} 29. Qc5 {135}
Qd3 {54} 30. Rxa7 {Enchanter bietet Remis (Lag: Av=0.31s, max=0.6s) 78} 1/2-1/2

[Event "CSS Freestyle 8th Final"]
[Site "playchess.com"]
[Date "2008.04.27"]
[Round "7"]
[White "Snuggles"]
[Black "Rybusia"]
[Result "1/2-1/2"]
[WhiteElo "2489"]
[BlackElo "2499"]
[PlyCount "56"]
[EventDate "2008.04.25"]

1. e4 {4} c5 {5} 2. Nf3 {3} Nc6 {11} 3. d4 {4} cxd4 {5} 4. Nxd4 {3} Nf6 {5} 5.
Nc3 {6} e5 {6} 6. Ndb5 {2} d6 {5} 7. Bg5 {3} a6 {6} 8. Na3 {3} b5 {5} 9. Bxf6 {
1} gxf6 {6} 10. Nd5 {1} f5 {6} 11. Bd3 {2} Be6 {8} 12. O-O {2} Bxd5 {7} 13.
exd5 {0} Ne7 {8} 14. Nxb5 {0} Bg7 {13} 15. Nc3 {0} e4 {13} 16. Bc4 {1} Qc7 {19}
17. Qe2 {103} Bxc3 {9} 18. bxc3 {3} O-O {125} 19. Rab1 {62} Kh8 {45} 20. Rb3 {
226} Rg8 {93} 21. Bxa6 {31} Ng6 {42} 22. Kh1 {27} Ne5 {571} 23. f3 {316} exf3 {
30} 24. gxf3 {2} f4 {45} 25. Bd3 {170} Rxa2 {631} 26. Qe4 {6} f5 {13} 27. Qxf5
{912} Qg7 {65} 28. Qh3 {4} Nxd3 {
Rybusia offers a draw (Lag: Av=0.29s, max=0.9s) 835} 1/2-1/2

[Event "CSS Freestyle 8th Final"]
[Site "playchess.com"]
[Date "2008.04.27"]
[Round "7"]
[White "Flyingfatman"]
[Black "Ultima"]
[Result "1/2-1/2"]
[WhiteElo "2524"]
[BlackElo "2616"]
[PlyCount "62"]
[EventDate "2008.04.25"]

1. c4 {46} e6 {7} 2. b3 {98} Nf6 {48} 3. Bb2 {131} d5 {9} 4. Nf3 {48} Be7 {31}
5. e3 {61} O-O {36} 6. Be2 {96} c5 {5} 7. O-O {36} Nc6 {17} 8. cxd5 {176} Nxd5
{18} 9. Nc3 {277} b6 {18} 10. d4 {339} Nxc3 {367} 11. Bxc3 {33} Bb7 {0} 12.
dxc5 {53} Bxc5 {0} 13. a3 {156} Rc8 {14} 14. Qb1 {269} Qe7 {458} 15. b4 {21}
Bd6 {2} 16. Rd1 {22} Rfd8 {16} 17. Ra2 {131} a5 {342} 18. Rad2 {205} Nxb4 {8}
19. Qa1 {32} Nd5 {26} 20. Bxg7 {8} f6 {5} 21. Rxd5 {17} Kxg7 {2} 22. R5d4 {233}
Bc5 {12} 23. Rxd8 {34} Rxd8 {12} 24. Nd4 {157} Kh8 {752} 25. a4 {28} Rg8 {119}
26. Nf3 {353} Qf7 {667} 27. Ne1 {298} e5 {178} 28. Bf3 {6} Bxf3 {5} 29. Nxf3 {3
} Qh5 {6} 30. Ne1 {10} Qg4 {19} 31. Rc1 {9} Rd8 {
Ultima offre la patta (Lag: Av=0.21s, max=0.5s) 107} 1/2-1/2

[Event "CSS Freestyle 8th Final"]
[Site "playchess.com"]
[Date "2008.04.27"]
[Round "7"]
[White "Luminarydebris"]
[Black "Spaghetti Chess"]
[Result "1/2-1/2"]
[WhiteElo "2497"]
[BlackElo "2556"]
[PlyCount "102"]
[EventDate "2008.04.25"]

1. e4 {2} c5 {21} 2. Nf3 {4} d6 {89} 3. d4 {6} cxd4 {10} 4. Nxd4 {0} Nf6 {6} 5.
Nc3 {8} a6 {6} 6. Be3 {14} e5 {92} 7. Nb3 {60} Be6 {13} 8. f3 {12} Be7 {28} 9.
Qd2 {19} O-O {29} 10. O-O-O {8} Nbd7 {74} 11. g4 {18} b5 {10} 12. g5 {20} Nh5 {
9} 13. Nd5 {439} Bxd5 {41} 14. exd5 {5} f6 {30} 15. g6 {11} hxg6 {20} 16. Na5 {
10} Qe8 {18} 17. Nc6 {10} f5 {32} 18. Kb1 {36} Nb8 {47} 19. Nxe5 {1325} dxe5 {
356} 20. d6 {5} Nf6 {10} 21. dxe7 {108} Qxe7 {11} 22. c4 {396} Qf7 {180} 23.
Rc1 {917} Nc6 {' 675} 24. Qd6 {21} Rfc8 {35} 25. Rg1 {99} Kh7 {793} 26. Be2 {64
} Ne8 {199} 27. Qd2 {6} Rd8 {214} 28. Qe1 {30} Nf6 {213} 29. cxb5 {13} axb5 {39
} 30. b3 {46} Na5 {184} 31. Kb2 {17} Nd5 {141} 32. Bxb5 {20} e4 {21} 33. Bd4 {
13} Nc7 {35} 34. Rxc7 {15} Qxc7 {4} 35. Bc3 {11} e3 {52} 36. a4 {171} f4 {50}
37. Qh4+ {17} Kg8 {4} 38. Qg5 {37} Qf7 {24} 39. Bxa5 {6} Rd5 {67} 40. Qxd5 {6}
Qxd5 {5} 41. Bc4 {2} Qxc4 {33} 42. bxc4 {0} Rxa5 {11} 43. Kb3 {2} Kf7 {71} 44.
Kb4 {10} Rh5 {12} 45. c5 {13} Rxh2 {39} 46. c6 {4} Ke7 {23} 47. a5 {26} Ra2 {5}
48. Kb5 {49} e2 {35} 49. a6 {16} Kd8 {7} 50. Re1 {16} g5 {14} 51. Kb6 {41} Rb2+
{Spaghetti Chess offre la patta (Lag: Av=0.53s, max=1.1s) 26} 1/2-1/2

[Event "CSS Freestyle 8th Final"]
[Site "playchess.com"]
[Date "2008.04.27"]
[Round "8"]
[White "Flyingfatman"]
[Black "Enchanter"]
[Result "1/2-1/2"]
[WhiteElo "2528"]
[BlackElo "2545"]
[PlyCount "87"]
[EventDate "2008.04.25"]

1. Nf3 {4} Nf6 {21} 2. c4 {12} g6 {21} 3. Nc3 {9} Bg7 {6} 4. e4 {10} d6 {50} 5.
d4 {4} O-O {4} 6. Be2 {7} e5 {18} 7. dxe5 {16} dxe5 {34} 8. O-O {7} Nc6 {38} 9.
Qxd8 {11} Rxd8 {10} 10. Bg5 {14} Rf8 {333} 11. Rfd1 {44} Bg4 {26} 12. Rd2 {108}
Nd4 {184} 13. Nxd4 {281} exd4 {8} 14. Bxf6 {8} dxc3 {91} 15. Bxc3 {25} Bxc3 {29
} 16. bxc3 {0} Bxe2 {43} 17. Rxe2 {0} Rad8 {108} 18. f3 {25} Rd3 {122} 19. Rb1
{7} b6 {35} 20. Rb3 {5} Re8 {271} 21. c5 {441} Re5 {302} 22. cxb6 {26} axb6 {83
} 23. Kf2 {423} Ra5 {101} 24. Rc2 {12} Rd1 {42} 25. Rbb2 {17} Kf8 {135} 26. Ke3
{32} Ke7 {47} 27. Rd2 {25} Rc1 {54} 28. Rbc2 {6} Re1+ {132} 29. Kf2 {224} Rh1 {
71} 30. Kg3 {47} h6 {73} 31. h4 {150} Ra1 {144} 32. Kg4 {224} Ke6 {57} 33. Kf4
{176} Rh1 {53} 34. Kg3 {61} Ra1 {14} 35. Kh3 {20} Rh1+ {23} 36. Kg3 {4} Ra1 {13
} 37. Kh3 {38} Rh1+ {32} 38. Kg4 {41} Ra1 {8} 39. c4 {3} h5+ {56} 40. Kg3 {25}
Ke7 {34} 41. Kh2 {39} Ke6 {37} 42. Kh3 {16} Ke7 {16} 43. Kg3 {24} Ke6 {20} 44.
Kh2 {Flyingfatman offers a draw (Lag: Av=0.30s, max=1.1s) 58} 1/2-1/2

[Event "CSS Freestyle 8th Final"]
[Site "playchess.com"]
[Date "2008.04.27"]
[Round "8"]
[White "Ultima"]
[Black "Rybusia"]
[Result "1/2-1/2"]
[WhiteElo "2611"]
[BlackElo "2498"]
[PlyCount "75"]
[EventDate "2008.04.25"]

1. e4 {2} c6 {6} 2. d4 {11} d5 {10} 3. Nd2 {48} dxe4 {17} 4. Nxe4 {0} Bf5 {9}
5. Ng3 {18} Bg6 {11} 6. h4 {2} h6 {6} 7. Nf3 {6} Nd7 {6} 8. h5 {5} Bh7 {5} 9.
Bd3 {1} Bxd3 {7} 10. Qxd3 {0} e6 {9} 11. Bf4 {7} Qa5+ {12} 12. Bd2 {50} Bb4 {10
} 13. Ne4 {152} Bxd2+ {14} 14. Qxd2 {415} Qd5 {1482} 15. Nc3 {11} Qf5 {30} 16.
Nd1 {12} Ngf6 {93} 17. Ne3 {6} Qb5 {38} 18. O-O-O {13} O-O {31} 19. c4 {94} Qa4
{44} 20. Kb1 {16} b5 {318} 21. Rh4 {177} bxc4 {22} 22. Rc1 {7} Rfd8 {292} 23.
Nxc4 {503} Qb5 {40} 24. Qc2 {21} Nd5 {19} 25. Nfe5 {113} Nxe5 {11} 26. Nxe5 {0}
Rab8 {9} 27. b3 {13} a5 {268} 28. Qc4 {600} Rdc8 {6} 29. Qxb5 {347} cxb5 {6}
30. Rc5 {2} Rxc5 {143} 31. dxc5 {0} f6 {54} 32. Nd3 {55} e5 {16} 33. Kc2 {193}
Kf7 {271} 34. a4 {36} b4 {37} 35. Rc4 {63} Rc8 {138} 36. c6 {8} e4 {240} 37.
Rxe4 {172} Rxc6+ {7} 38. Rc4 {Ultima offre la patta (Lag: Av=0.32s, max=0.9s) 1
} 1/2-1/2

[Event "CSS Freestyle 8th Final"]
[Site "playchess.com"]
[Date "2008.04.27"]
[Round "8"]
[White "Moro Gamgee"]
[Black "Regina H-Milch"]
[Result "1/2-1/2"]
[WhiteElo "2494"]
[BlackElo "2502"]
[PlyCount "125"]
[EventDate "2008.04.25"]

1. c4 {57} e6 {105} 2. Nf3 {12} d5 {35} 3. d4 {14} Nf6 {18} 4. Nc3 {3} Be7 {44}
5. Bf4 {111} O-O {54} 6. Qc2 {17} c5 {236} 7. dxc5 {226} Nc6 {252} 8. e3 {82}
Qa5 {303} 9. a3 {11} dxc4 {339} 10. Bxc4 {113} Qxc5 {58} 11. Bd3 {3} a5 {76}
12. O-O {102} e5 {452} 13. Bg3 {86} Rd8 {87} 14. Rfd1 {128} Bg4 {377} 15. h3 {2
} Bxf3 {129} 16. gxf3 {2} Qb6 {1} 17. Rac1 {4} g6 {32} 18. Na4 {158} Qc7 {36}
19. Qb3 {3} Nh5 {57} 20. Bh2 {4} Rab8 {171} 21. Nb6 {3} Nf6 {66} 22. Nc4 {198}
Nd7 {22} 23. Qc3 {3} a4 {33} 24. f4 {63} Nc5 {33} 25. Bc2 {155} b5 {24} 26.
Nxe5 {3} Nxe5 {26} 27. fxe5 {2} Rbc8 {99} 28. e6 {103} Qb7 {32} 29. exf7+ {3}
Kxf7 {6} 30. Rxd8 {282} Rxd8 {4} 31. Bb1 {115} Qd5 {23} 32. Be5 {3} Ne6 {153}
33. e4 {122} Qb3 {19} 34. Kg2 {275} Bd6 {32} 35. Bxd6 {7} Qxc3 {43} 36. Rxc3 {3
} Rxd6 {2} 37. Ba2 {71} Ke7 {27} 38. Kf3 {200} Rd2 {51} 39. Bxe6 {3} Kxe6 {4}
40. b4 {2} Ra2 {48} 41. Ke3 {20} g5 {37} 42. f4 {273} gxf4+ {91} 43. Kxf4 {2}
Kd6 {161} 44. e5+ {172} Ke6 {46} 45. Ke4 {90} Re2+ {157} 46. Kd4 {2} Rd2+ {31}
47. Kc5 {26} Rd5+ {24} 48. Kb6 {2} Rxe5 {39} 49. Rc6+ {27} Kf7 {66} 50. h4 {75}
Re3 {55} 51. Kxb5 {2} Rxa3 {20} 52. Ra6 {. 71} Rh3 {15} 53. Kc6 {88} Rxh4 {12}
54. b5 {3} Rc4+ {18} 55. Kd5 {4} Rb4 {25} 56. b6 {17} a3 {13} 57. Kc6 {26} Rb3
{18} 58. b7 {6} Ke6 {15} 59. Ra5 {10} h6 {13} 60. Kc7 {4} a2 {12} 61. Rxa2 {11}
Kf5 {15} 62. b8=Q {5} Rxb8 {17} 63. Kxb8 {
Moro Gamgee offers a draw (Lag: Av=0.22s, max=0.8s) 2} 1/2-1/2

[Event "CSS Freestyle 8th Final"]
[Site "playchess.com"]
[Date "2008.04.27"]
[Round "8"]
[White "Spaghetti Chess"]
[Black "Snuggles"]
[Result "1-0"]
[WhiteElo "2553"]
[BlackElo "2489"]
[PlyCount "107"]
[EventDate "2008.04.25"]

1. e4 {22} c5 {17} 2. Nf3 {55} Nc6 {4} 3. d4 {19} cxd4 {3} 4. Nxd4 {13} Nf6 {4}
5. Nc3 {30} e5 {3} 6. Ndb5 {29} d6 {3} 7. Bg5 {67} a6 {7} 8. Na3 {8} b5 {0} 9.
Nd5 {10} Be7 {3} 10. Bxf6 {113} Bxf6 {2} 11. c3 {47} Bg5 {66} 12. Nc2 {108} Rb8
{3} 13. a4 {37} bxa4 {3} 14. Nce3 {18} O-O {294} 15. Qxa4 {84} Bxe3 {48} 16.
Nxe3 {53} Ne7 {10} 17. O-O-O {215} Be6 {9} 18. Bc4 {259} Qc7 {919} 19. Rd2 {386
} Rfc8 {687} 20. Bxe6 {394} fxe6 {0} 21. Qa2 {466} Kf7 {14} 22. Rhd1 {51} Rb6 {
25} 23. Qa3 {136} Rd8 {436} 24. h4 {617} h5 {10} 25. g3 {21} Qc6 {72} 26. Qa2 {
39} Rb4 {101} 27. Qa5 {6} Rbb8 {11} 28. Rd3 {54} g6 {5} 29. f3 {41} Rd7 {204}
30. Qa2 {21} Rb4 {22} 31. b3 {15} Rb5 {74} 32. Nc4 {12} Nc8 {4} 33. Kc2 {119}
Kg7 {338} 34. Qa4 {84} Qc5 {175} 35. Qa3 {31} Qxa3 {419} 36. Nxa3 {16} Ra5 {4}
37. Kb2 {37} Rc5 {4} 38. Nc4 {25} Rf7 {4} 39. Nxd6 {134} Nxd6 {22} 40. Rxd6 {9}
Rxf3 {2} 41. R1d3 {9} Rxd3 {111} 42. Rxd3 {21} Rc6 {30} 43. c4 {18} Kf6 {19}
44. Ka3 {21} Ke7 {29} 45. Kb4 {7} Rb6+ {42} 46. Ka5 {7} Rc6 {6} 47. Rc3 {12}
Kd6 {29} 48. b4 {13} Kc7 {22} 49. c5 {13} Kb7 {2} 50. Rd3 {11} Rc7 {17} 51. Rd6
{15} Rf7 {13} 52. c6+ {14} Kc8 {22} 53. Kxa6 {9} g5 {3} 54. hxg5 {
Snuggles gibt auf (Lag: Av=0.42s, max=1.9s) 5} 1-0